Energy policies of IEA countries New Zealand

Saved in:
Bibliographic Details
Corporate Author: OECD. International Energy Agency
Format: Book
Language:English
Published: Paris OECD 2006
Subjects:
Tags: Add Tag
No Tags, Be the first to tag this record!

MARC

LEADER 00000nam a2200000 4500
001 0051824
005 20240315120552.7
020 |a 92-64-10969-2 
041 0 |a eng 
044 |a FR 
245 1 0 |a Energy policies of IEA countries  |b New Zealand 
264 1 |a Paris  |b OECD  |c 2006 
300 |a 168 s. 
610 2 0 |a energetika 
610 2 0 |a energia 
610 2 0 |a Nový Zéland 
610 2 0 |a palivá 
610 2 0 |a bilancia energetická 
610 2 0 |a elektrina 
610 2 0 |a ropa 
610 2 0 |a plyn zemný 
610 2 0 |a zdroje energie obnoviteľné 
610 2 0 |a údaje štatistické 
710 2 |a OECD. International Energy Agency